00398nam a2200145Ia 4500003000900000008004100009040003300050041000800083080001300091245006300104260004600167300001400213650001200227650001300239LK-CoDNM010623t1975 xxu||||| |||| 00| 1 eng d aLK-CoDNMdLK-CoDNMeLK-CoDNM aeng a398bFOL aFolk art the 30 th Anniversary of polish people's republic bMinistry of culture artaSri Lankac1975 b60, 20 cm aCulture aFolk art